000 00652nam a2200253 a 4500
001 adlib96000001
003 ViArRB
005 200902210153555.7
008 960221s1955 dcuabcdjdbkoqu001 0deng d
020 _a
022 _a
040 _aAdlib
082 _a72.021
245 _aArchitectureal drawings 1968-1976
250 _a
260 _aLondon
_bThames and Hudson
_c1977
300 _a112p.
_c
500 _a
100 _aJacoby, Hedmut
_e
700 _a
_a
942 _cREF
653 _aArchitectureal drawings
952 _w2010-06-16
_p00016807
_r2010-06-16
_40
_00
_bUL
_10
_o72.021 JAC R
_d2010-06-16
_70
_yREF
_aUL
999 _c27166
_d27165